Posilte svůj mozek 2. vydání
Saved in:
| Main Author | |
|---|---|
| Other Authors | |
| Format | Electronic eBook |
| Language | Czech |
| Published |
Metafora
2026
|
| Edition | 1. elektronické vydání |
| Subjects | |
| Online Access | Dostupné v BOOKPORT po přihlášení pomocí eduID |
| ISBN | 978-80-271-6273-4 978-80-7625-932-4 |
| Physical Description | 1 online zdroj (256 stran) |
| LEADER | 00000nam a2200000 i 4500 | ||
|---|---|---|---|
| 001 | bkp14889 | ||
| 003 | CZ-prgp | ||
| 005 | 20260407112623.0 | ||
| 006 | m o d | ||
| 007 | cr cn | ||
| 008 | 260407s2026 xr o 000 0 cze | ||
| 020 | |a 978-80-271-6273-4 |c 314 Kč |q (online ; pdf) | ||
| 020 | |a 978-80-7625-932-4 |c 375 Kč |q (print) | ||
| 040 | |a Grada |b cze |e rda | ||
| 100 | 1 | |a Perlmutter, David | |
| 245 | 1 | 0 | |a Posilte svůj mozek |b 2. vydání |c David Perlmutter, Albert Villoldo |
| 250 | |a 1. elektronické vydání | ||
| 264 | 1 | |b Metafora |c 2026 | |
| 300 | |a 1 online zdroj (256 stran) | ||
| 336 | |a text |b txt |2 rdacontent | ||
| 337 | |a počítač |b c |2 rdamedia | ||
| 338 | |a online zdroj |b cr |2 rdacarrier | ||
| 520 | 3 | |a Cesta za dosažením stavu vnitřního klidu, hlubokého pochopení a mimořádné kreativity zaměstnává lidstvo už po tisíciletí. Tento vzácný stav však není vyhrazen jen vyvoleným. Dva autoři, neurovědec a šaman, společně zkoumají aspekty, v nichž se obě disciplíny shodují a vzájemně doplňují, a přinášejí průlomový pětitýdenní program pro posílení mozku. | |
| 650 | 0 | 4 | |a Harmonie těla a duše |
| 700 | 1 | |a Albert Villoldo | |
| 856 | 4 | 0 | |u https://www.bookport.cz/AccountSaml/SignIn/?idp=https://shibboleth.utb.cz/idp/shibboleth&returnUrl=/kniha/posilte-svuj-mozek-15932/ |y Dostupné v BOOKPORT po přihlášení pomocí eduID |